Environmental pollution : (Record no. 4234)
[ view plain ]
| 000 -LEADER | |
|---|---|
| fixed length control field | 00732nam a22002537a 4500 |
| 001 - CONTROL NUMBER | |
| control field | BD-DhSAU 4234 |
| 003 - CONTROL NUMBER IDENTIFIER | |
| control field | BD-DhSAU |
| 005 - DATE AND TIME OF LATEST TRANSACTION | |
| control field | 20220223121310.0 |
| 008 - FIXED-LENGTH DATA ELEMENTS--GENERAL INFORMATION | |
| fixed length control field | 150215s2007 ii a||||r|||| 001 0 eng d |
| 020 ## - INTERNATIONAL STANDARD BOOK NUMBER | |
| International Standard Book Number | 8123914504 |
| 040 ## - CATALOGING SOURCE | |
| Original cataloging agency | BD-DhSAU |
| 082 ## - DEWEY DECIMAL CLASSIFICATION NUMBER | |
| Edition number | 22 |
| Classification number | 363.73 |
| Item number | N1648 |
| 100 ## - MAIN ENTRY--PERSONAL NAME | |
| Personal name | Narayanan, P |
| 245 ## - TITLE STATEMENT | |
| Title | Environmental pollution : |
| Statement of responsibility, etc. | P Narayanan |
| Remainder of title | principles, analysis and control / |
| 260 ## - PUBLICATION, DISTRIBUTION, ETC. (IMPRINT) | |
| Place of publication, distribution, etc. | New Delhi: |
| Name of publisher, distributor, etc. | CBS Pub; |
| Date of publication, distribution, etc. | 2007. |
| 300 ## - PHYSICAL DESCRIPTION | |
| Extent | xxxii, 671 p. : |
| Other physical details | ill. ; |
| Dimensions | 26 cm. |
| 500 ## - GENERAL NOTE | |
| General note | New arrival 2014 |
| 504 ## - BIBLIOGRAPHY, ETC. NOTE | |
| Bibliography, etc | Includes bibliographical references and index. |
| 590 ## - Name of Cataloguer | |
| Name of Cataloger | erfat |
| 650 ## - SUBJECT ADDED ENTRY--TOPICAL TERM | |
| Topical term or geographic name as entry element | Environmental pollution. |
| 650 ## - SUBJECT ADDED ENTRY--TOPICAL TERM | |
| Topical term or geographic name as entry element | Causes. |
| 650 ## - SUBJECT ADDED ENTRY--TOPICAL TERM | |
| Topical term or geographic name as entry element | Mitigation and recycling. |
| 942 ## - ADDED ENTRY ELEMENTS (KOHA) | |
| Source of classification or shelving scheme | Dewey Decimal Classification |
| Koha item type | Book |
| Withdrawn status | Lost status | Source of classification or shelving scheme | Damaged status | Not for loan | Home library | Branch Name | Shelving location | Date acquired | Total Checkouts | Full call number | Barcode | Date last seen | Date checked out | Price effective from | Koha item type | Collection code | Public note |
|---|---|---|---|---|---|---|---|---|---|---|---|---|---|---|---|---|---|
| Dewey Decimal Classification | SAU Library | SAU Library | General Stacks | 25/06/2014 | 1 | 363.73 N1648 | 38544 | 25/02/2024 | 21/12/2022 | 15/02/2015 | Book | ||||||
| Dewey Decimal Classification | Not For Loan | SAU Library | SAU Library | Reference | 25/06/2014 | 363.73 N1648 | 38543 | 15/02/2015 | 15/02/2015 | Book | Reference | ||||||
| Dewey Decimal Classification | SAU Library | SAU Library | General Stacks | 27/12/2021 | 363.73 N1648 | 43033 | 23/02/2022 | 23/02/2022 | Book | Project 2021 | |||||||
| Dewey Decimal Classification | SAU Library | SAU Library | General Stacks | 27/12/2021 | 363.73 N1648 | 43032 | 23/02/2022 | 23/02/2022 | Book | Project 2021 | |||||||
| Dewey Decimal Classification | Not For Loan | SAU Library | SAU Library | Reference | 27/12/2021 | 363.73 N1648 | 43031 | 23/02/2022 | 23/02/2022 | Book | Reference | Project 2021 |
